Κατάλογος Βιβλιοθηκών Mediterranean College

Χρήμα, Πίστη, Τράπεζες / Μια Ευρωπαϊκή Προσέγγιση. (Record no. 6398)

MARC details
000 -LEADER
fixed length control field 01812cam a22002294a 4500
005 - ΗΜΕΡΟΜΗΝΙΑ ΚΑΙ ΩΡΑ ΤΕΛΕΥΤΑΙΑΣ ΕΝΗΜΕΡΩΣΗΣ
Πεδίο ελέγχου 20250605164241.0
008 - FIXED-LENGTH DATA ELEMENTS--GENERAL INFORMATION
Πεδίο ελέγχου σταθερού μήκους 250528s ||||||||||||||||||||||||d
035 ## - SYSTEM CONTROL NUMBER
System control number 21333
020 ## - ISBN
ISBN 9789602186138
040 ## - ΠΗΓΗ ΚΑΤΑΛΟΓΟΓΡΑΦΗΣΗΣ
Φορέας πρωτότυπης καταλογογράφησης MC Athens Campus Library
Γλώσσα καταλογογράφησης Ελληνικά, Μοντέρνα (1453-)
Modifying agency MC Athens Campus Library
Κανόνες περιγραφικής καταλογογράφησης AACR2
245 1# - ΤΙΤΛΟΣ ΚΑΙ ΔΗΛΩΣΗ ΥΠΕΥΘΥΝΟΤΗΤΑΣ
Τίτλος Χρήμα, Πίστη, Τράπεζες / Μια Ευρωπαϊκή Προσέγγιση.
Number of part/section of a work Τόμος Α΄
250 ## - EDITION STATEMENT
Edition statement
260 ## - PUBLICATION, DISTRIBUTION, ETC.
Name of publisher, distributor, etc. Addison-Wesley,
Date of publication, distribution, etc. 2009
300 ## - PHYSICAL DESCRIPTION
Extent 652
520 ## - SUMMARY, ETC.
Summary, etc. Ενα πλήρες βιβλίο, απαραίτητο για τη σε βάθος κατανόηση της λειτουργίας των χρηματοοικονομικών συστημάτων σε όλο τον Κόσμο και ιδιαίτερα στην Ευρώπη. Οδηγός για το Βιβλίο, Πρόλογος, Εισαγωγή - Χρηματοπιστωτικά Ιδρύματα και Συστήματα, Ο Ρόλος του Χρηματοπιστωτικού Συστήματος, Εισαγωγή στα Χρηματοοικονομικά Συστήματα, Χρήμα και Τράπεζες, Οι Τράπεζες και η Προσφορά Χρήματος, Η Ζήτηση Χρήματος, Νομισματική Πολιτική, Τρέχοντα Ζητήματα, Η Ενιαία Ευρωπαϊκή Αγορά, Το Ευρωπαϊκό Νομισματικό Σύστημα και η Νομισματική Ένωση, Η Ευρωπαϊκή Κεντρική Τράπεζα και η Νομισματική Πολιτική της Ευρωζώνης, Απαντήσεις των Ασκήσεων, Γλωσσάρι Όρων.
700 1# - ΠΡΟΣΘΕΤΗ ΑΝΑΓΡΑΦΗ--ΦΥΣΙΚΟ ΠΡΟΣΩΠΟ
Personal name Bain Keith
9 (RLIN) 7389
700 1# - ΠΡΟΣΘΕΤΗ ΑΝΑΓΡΑΦΗ--ΦΥΣΙΚΟ ΠΡΟΣΩΠΟ
Personal name Howells Peter
9 (RLIN) 7390
700 1# - ΠΡΟΣΘΕΤΗ ΑΝΑΓΡΑΦΗ--ΦΥΣΙΚΟ ΠΡΟΣΩΠΟ
Personal name Παπαζαχαρίου Πέτρος
9 (RLIN) 7391
942 ## - ADDED ENTRY ELEMENTS (KOHA)
Koha item type Books
Holdings
Τύπος τεκμηρίου Βιβλιοθήκη Τρέχουσα τοποθεσία Barcode Αριθμός εισαγωγής Ημερομηνία απόκτησης Ταξιθετικό σύμβολο Αριθμός αντιτύπου Κατάσταση απόσυρσης Κατάσταση χαμένου Κατάσταση κατεστραμμένου Μη δανεισμός Σύνολο δανεισμών Ημερομηνία τελευταίας εμφάνισης Η τιμή ισχύει από
Books MC Athens Campus Library MC Athens Campus Library 9780000063977 5497 05/06/2025 332.109 4 HOW V.A 1           05/06/2025 05/06/2025

MC Athens Campus Library
Πατησίων 94 & Κοδριγκτώνος 13, 104 34
Πελλήνης 8 & Πατησίων 107, 112 51
Τ: +30 210 8899600

MC Thessaloniki Campus Library
Ίωνος Δραγούμη 21, 54625 | Ίωνος Δραγούμη 15, 54625
Τ: +30 2310 287779 – Τ: +30 2314 440300